La Política exterior y el conflicto centroamericano

Bewaard in:
Bibliografische gegevens
Formaat: Texto
Tags: Voeg label toe
Geen labels, Wees de eerste die dit record labelt!

MARC

LEADER 00000 a a2200000 04500
001 3922
003
040
245 |a La Política exterior y el conflicto centroamericano  
773 |g número 11; páginas 5-19  
999 |c 40277  |d 40277